<?xml version="1.0" encoding="UTF-8"?>
<collection xmlns="http://www.loc.gov/MARC21/slim">
    <record>
        <controlfield tag="001">85868</controlfield>
        <controlfield tag="005">20191119144727.0</controlfield>
        <datafield tag="037" ind1=" " ind2=" ">
            <subfield code="a">TAZ-TFG-2019-301</subfield>
        </datafield>
        <datafield tag="041" ind1=" " ind2=" ">
            <subfield code="a">spa</subfield>
        </datafield>
        <datafield tag="100" ind1="1" ind2=" ">
            <subfield code="a">Montolío Nicolás, Alberto</subfield>
        </datafield>
        <datafield tag="242" ind1="0" ind2="0">
            <subfield code="a">Senior entrepreneurship. Entreprendre or retire.</subfield>
        </datafield>
        <datafield tag="245" ind1="0" ind2="0">
            <subfield code="a">Emprendimiento senior. Emprender o jubilarse.</subfield>
        </datafield>
        <datafield tag="260" ind1=" " ind2=" ">
            <subfield code="a">Zaragoza</subfield>
            <subfield code="b">Universidad de Zaragoza</subfield>
            <subfield code="c">2019</subfield>
        </datafield>
        <datafield tag="506" ind1=" " ind2=" ">
            <subfield code="a">by-nc-sa</subfield>
            <subfield code="b">Creative Commons</subfield>
            <subfield code="c">3.0</subfield>
            <subfield code="u">http://creativecommons.org/licenses/by-nc-sa/3.0/</subfield>
        </datafield>
        <datafield tag="520" ind1=" " ind2=" ">
            <subfield code="a">El emprendimiento o el hecho de crear una nueva empresa es algo que está cobrando especial importancia hoy en día. Sin embargo, todavía está aún más en auge el emprendimiento en personas mayores de 50 años o, también denominado, “emprendimiento senior”. Con la realización de este trabajo de fin de grado se pretende analizar el surgimiento del mismo y la motivación que lleva a estas personas a emprender en todo el mundo, enfrentándose a los inconvenientes que esta actividad conlleva. Asimismo, también se tratarán una serie de casos de éxitos internacionales y algunos ejemplos de ciertas ayudas que reciben estos emprendedores por parte de ciertas instituciones tanto públicas como privadas. Para ello se analizará la evolución ascendente de la esperanza de vida en los diferentes países y como ello ha afectado a la organización de las empresas, además de estudiar la motivación que lleva a este grupo de población a crear nuevos negocios en lugar de continuar trabajando en los ya existentes y las barreras a las que se deben enfrentar por el simple hecho de ser seniors a la vez que emprendedores. Destacar que la investigación se apoyará principalmente en el Informe GEM, tanto en el mundial como en el español, así como en las cifras que ofrecen el Banco Mundial y la OCDE, comparándolos entre sí y en diferentes periodos de tiempo. Los datos se reflejarán a lo largo de todo el documento en forma de gráficos, tablas e incluso mapas, acompañados todos ellos de su correspondiente explicación. Asimismo se contará con la reflexión de expertos en el tema tales como el ayudante de catedrático Kibler,o el catedrático Kautonen y a partir de estudios de prestigiosas universidades como los de Harvard en Massachusetts o los de Wharton en Pensilvania.</subfield>
        </datafield>
        <datafield tag="521" ind1=" " ind2=" ">
            <subfield code="a">Graduado en Administración y Dirección de Empresas</subfield>
        </datafield>
        <datafield tag="540" ind1=" " ind2=" ">
            <subfield code="a">Derechos regulados por licencia Creative Commons</subfield>
        </datafield>
        <datafield tag="700" ind1=" " ind2=" ">
            <subfield code="a">Ortega Lapiedra, Raquel</subfield>
            <subfield code="e">dir.</subfield>
        </datafield>
        <datafield tag="710" ind1="2" ind2=" ">
            <subfield code="a">Universidad de Zaragoza</subfield>
            <subfield code="b"> </subfield>
            <subfield code="c"></subfield>
        </datafield>
        <datafield tag="856" ind1="0" ind2=" ">
            <subfield code="f">700456@celes.unizar.es</subfield>
        </datafield>
        <datafield tag="856" ind1="4" ind2=" ">
            <subfield code="s">219114</subfield>
            <subfield code="u">http://zaguan.unizar.es/record/85868/files/TAZ-TFG-2019-301_ANE.pdf</subfield>
            <subfield code="y">Anexos (spa)</subfield>
        </datafield>
        <datafield tag="856" ind1="4" ind2=" ">
            <subfield code="s">889783</subfield>
            <subfield code="u">http://zaguan.unizar.es/record/85868/files/TAZ-TFG-2019-301.pdf</subfield>
            <subfield code="y">Memoria (spa)</subfield>
        </datafield>
        <datafield tag="909" ind1="C" ind2="O">
            <subfield code="o">oai:zaguan.unizar.es:85868</subfield>
            <subfield code="p">driver</subfield>
            <subfield code="p">trabajos-fin-grado</subfield>
        </datafield>
        <datafield tag="950" ind1=" " ind2=" ">
            <subfield code="a"></subfield>
        </datafield>
        <datafield tag="951" ind1=" " ind2=" ">
            <subfield code="a">deposita:2019-11-19</subfield>
        </datafield>
        <datafield tag="980" ind1=" " ind2=" ">
            <subfield code="a">TAZ</subfield>
            <subfield code="b">TFG</subfield>
            <subfield code="c">ECON</subfield>
        </datafield>
        <datafield tag="999" ind1=" " ind2=" ">
            <subfield code="a">20190219014601.CREATION_DATE</subfield>
        </datafield>
    </record>

    
</collection>